000 00934nas a2200313 4500
001 BR0500963
003 BR-BrBNA
005 20231205105132.0
007 ta
008 230509b bl.|||p| |||| 00| 00por d
040 _aBR-BrBNA
_bpor
_cBiblioteca Nacional de Agricultura
041 _a(Pt)
072 _aF60
100 1 _aFadel, R.
100 1 _aRosa, B.
100 1 _aOliveira, I.P. de
100 1 _aOliveira, J.D. de S.
245 1 _aAvaliação de diferentes proporções de água e de uréia sobre a composição bromatológica da palha de arroz
650 _aPALHA DE ARROZ
650 _aÁGUA
650 _aURÉIA
650 _aBROMATOLOGIA
650 _aPROTEÍNA
650 _aESTATÍSTICA
650 _aMATÉRIA SECA
773 0 _tCiência Animal Brasileira (Brazil)
_xISSN 1518-2797
_g(Jul-Dec 2003), v. 4(2) p. 101-107
_wBR0500963
909 _a202311
_bLúcia
_c55
_dLúcia Elande
942 _2AGRIS
_n0
_cANA
999 _c181425
_d181425